Music Quiz

Random Music or Rock Quiz
Score 0/50 Timer 10:00
1 Play Today
Song Hint Artist/Band % Correct
RespectAretha Franklin
94.8%
Express YourselfMadonna
89%
Go Your Own WayFleetwood Mac
85.8%
I Love Rock 'n RollJoan Jett
79.7%
IronicAlanis Morissette
75.8%
Son of a Preacher ManDusty Springfield
75.4%
JudasLady Gaga
75%
BarracudaHeart
72.3%
Miss You MuchJanet Jackson
71.1%
Mercedes BenzJanis Joplin
67.4%
JoleneDolly Parton
67%
Turning TablesAdele
59.7%
Doo Wop (That Thing)Lauryn Hill
59.2%
Brass in PocketThe Pretenders
58.5%
She BopCyndi Lauper
58%
We Got the BeatThe Go-Go's
56.8%
I Feel the Earth MoveCarole King
56.5%
Hanging On The TelephoneBlondie
56.5%
Come See About MeThe Supremes
55.7%
GloriaPatti Smith
48.9%
Push ItSalt 'n Pepa
47.6%
A Case of YouJoni Mitchell
47%
Paper PlanesM.I.A.
45.9%
Bad GirlsDonna Summer
44%
Lady MarmaladeLabelle
40.9%
Song Hint Artist/Band % Correct
Stormy WeatherEtta James
40.5%
Miss WorldHole
39.2%
CountdownBeyoncé
39.1%
Be My BabyThe Ronettes
36.4%
Walkin' After MidnightPatsy Cline
35.9%
Work ItMissy Elliot
35.4%
No OneAlicia Keys
33.1%
**** and RunLiz Phair
31.9%
You're No GoodLinda Ronstadt
31.5%
CannonballThe Breeders
29.7%
Heads Will RollYeah Yeah Yeahs
22.9%
Long LiveTaylor Swift
22.7%
All is Full of LoveBjörk
22.5%
Good FortunePJ Harvey
21.2%
JacksonLucinda Williams
19.1%
Better Version of MeFiona Apple
17.2%
Don't Make Me OverDionne Warwick
13.9%
Be HappyMary J. Blige
12.7%
Give it up or let me goBonnie Raitt
12.7%
Midsummer New YorkYoko Ono
10.1%
Rebel GirlBikini Kill
10.1%
Art-I-FicialX-Ray Spex
9.7%
SpellboundSiouxsie and the Banshees
8.4%
Get UpSleater-Kinney
7.5%
It's RainingIrma Thomas
5.6%

You're not logged in!

Compare scores with friends on all Sporcle quizzes.
OR
Log In

Sporcle TV

Today on Sporcle TV


Watch our educational content, quiz creation guides, and fun videos on Sporcle TV.

Show Comments

Extras

Top Quizzes Today


Score Distribution

Paid Content

Your Account Isn't Verified!

In order to create a playlist on Sporcle, you need to verify the email address you used during registration. Go to your Sporcle Settings to finish the process.

Report this User

Report this user for behavior that violates our Community Guidelines.

Details: